000 00460nam a2200169 4500
003 SEACOMMC
005 20250411140910.0
008 240911b |||||||| |||| 00| 0 eng d
020 _a978-81-7273-268-4
_cRs.625.00
040 _aSEACOMMC
082 _a 23 371.33
_bS129
100 _aSagar, Krishna
245 1 _aDigital Technology in Education
_cKrishna Sagar
260 _a Delhi
_bAuthorspress
_c2006
650 _a Education--Data processing
942 _cBOOK
999 _c542
_d542